00320 a2200145 4500003000500000005001700005020001800022040000900040082001300049100001700062245002700079260003100106300001000137651002700147Nust20170207165703.0 a9789693505146 cNust a891.4393 aQudisa, Bano aRaja GidhcBano Qudsia aLahorebSang-e-Meel c2011 a452 p aUrdu Literature-Novel